000 00683cam a2200229 a 4500
001 4731561
005 20180201042419.0
008 840130s1984 njuab b 001 0 eng
010 _a 84002152
020 _a0691094055 (alk. paper) :
_c$40.00
040 _aDLC
_cDLC
_dDLC
041 _aeng
043 _ae-uk---
080 _a304.6320941 TEI
082 0 0 _a304.6320941 TEI
_219
100 1 _a19
101 _aPOL
245 1 4 _aThe British fertility decline :
_cMichael S. Teitelbaum.
504 _aBibliography: p. 246-261.
906 _a7
_bcbc
_corignew
_d1
_eocip
_f19
_gy-gencatlg
942 _2ddc
_cBK
999 _c41488
_d41488